Normal view MARC view
  • GAHLOT, DR. VINOD

Entry Personal Name

Number of records used in: 2

001 - CONTROL NUMBER

  • control field: 8773

003 - CONTROL NUMBER IDENTIFIER

  • control field: JRU

005 - DATE AND TIME OF LATEST TRANSACTION

  • control field: 20251121161051.0

008 - FIXED-LENGTH DATA ELEMENTS

  • fixed length control field: 251121|| aca||aabn | a|a d

040 ## - CATALOGING SOURCE

  • Original cataloging agency: JRU
  • Transcribing agency: JRU

100 ## - HEADING--PERSONAL NAME

  • Personal name: GAHLOT, DR. VINOD

670 ## - SOURCE DATA FOUND

  • Source citation: Work cat.: (JRU)8948: GAHLOT, DR. VINOD , HANDBOOK OF TOXICOLOGY AND PHARMACOLOGY AND PHARMACOLOGICAL SCREENING METHODS - II [ AS PER PCI NEW SYLLABUS FOR M. PHARMA], 2025